000 00686nam a2200181Ia 4500
008 151202s9999||||xx |||||||||||||| ||und||
082 _bPNVM-37380
100 _aखांबाटे दं.पा.
245 _aचिरंतन सुखाचे मार्गदर्शक.
260 _bसरिता प्रकाशन पुणे.
260 _c1984
300 _a268
600 _aखांबाटे दं.पा.
630 _aचिरंतन सुखाचे मार्गदर्शक.
700 _aखांबाटे दं.पा.
730 _aचिरंतन सुखाचे मार्गदर्शक.
942 _cBOOK
999 _c1303332
_d1303329